The midnight library/ (Record no. 182057)

000 -LEADER
fixed length control field 00467nam a22001817a 4500
020 ## - INTERNATIONAL STANDARD BOOK NUMBER
ISBN 9789355435644
082 ## - DEWEY DECIMAL CLASSIFICATION NUMBER
Classification number M3 (FTr.)
Item number MAT/M
100 ## - MAIN ENTRY--AUTHOR NAME
Personal name Mat Haig
245 ## - TITLE STATEMENT
Title The midnight library/
Statement of responsibility, etc by Mat Haig
260 ## - PUBLICATION, DISTRIBUTION, ETC. (IMPRINT)
Place of publication Bhopal:
Name of publisher Manjul Publishing House,
Year of publication 2020.
300 ## - PHYSICAL DESCRIPTION
Number of Pages 329p.
650 ## - SUBJECT ADDED ENTRY--TOPICAL TERM
Topical Term Translation Novel English
650 ## - SUBJECT ADDED ENTRY--TOPICAL TERM
Topical Term Novel Malayalam
650 ## - SUBJECT ADDED ENTRY--TOPICAL TERM
Topical Term Literature Malayalam
650 ## - SUBJECT ADDED ENTRY--TOPICAL TERM
Topical Term Literature
700 ## - ADDED ENTRY--PERSONAL NAME
Personal name Haritha C K (tr.)
942 ## - ADDED ENTRY ELEMENTS (KOHA)
Koha item type Book
Holdings
Withdrawn status Lost status Damaged status Not for loan Permanent Location Current Location Shelving location Date acquired Cost, normal purchase price Full call number Accession Number Price effective from Koha item type
        Sree Sankaracharya University of Sanskrit Sree Sankaracharya University of Sanskrit Stacks 04.06.2026 399.00 M3 (FTr.) MAT/M 109189 04.06.2026 Book